Statistiques concernant Partir là-bas - La petite sirène [Paroles entières]

Cliquez ici pour prendre le quiz!

Statistiques générales

  • Ce quiz a été pris 242 fois
  • Le résultat moyen est 186 sur 231

Statistiques - réponses

XParoles% Correct
de
98%
je
98%
Je
98%
le
98%
Le
98%
par
98%
à
97%
des
97%
la
97%
j'ai
96%
StropheJ'ai
96%
ce
95%
mon
95%
ça
94%
Comme
94%
comme
94%
me
94%
part
94%
et
93%
Et
93%
que
93%
un
92%
StropheUn
92%
Partir
91%
partir
91%
Les
90%
les
90%
te
90%
veux
90%
ai
89%
ces
89%
là-bas
89%
marche
89%
StropheMoi
89%
moi
89%
Pieds
89%
pour
89%
Pour
89%
sur
89%
tout
89%
Comment
88%
danser
88%
j'en
88%
J'en
88%
ne
88%
Ne
88%
qui
88%
si
88%
StropheSi
88%
tu
88%
Tu
88%
mer
87%
en
86%
En
86%
s'appelle
86%
au
84%
jour
84%
monde
84%
suis
84%
vie
84%
gogo
83%
tas
83%
trucs
83%
voir
83%
Mais
82%
ses
82%
terre
82%
voudrais
82%
chouettes
80%
jambes
80%
pas
80%
marcher
79%
On
79%
Oui
79%
pouvais
79%
StropheTous
79%
m'indiffère
78%
parcourir
78%
va
77%
bien
76%
c'est
76%
comblée
76%
gâtée
76%
Il
76%
l'homme
75%
m'ont
75%
secrets
75%
trop
75%
battant
74%
dis
74%
fées
74%
grand
74%
merveilles
74%
nageoires
74%
trésors
74%
brillent
72%
court
72%
donnerais
72%
faut
72%
nulle
72%
Rues
72%
soleils
72%
Toutes
72%
vois
72%
Vois
72%
gadgets
71%
paradis
71%
sans
71%
crois-tu
70%
fait
70%
hommes
70%
j'aimerais
70%
richesses
70%
peut
69%
chaud
68%
chocs
68%
d'ici
68%
sable
68%
sauter
68%
voyant
68%
choix
67%
feu
67%
certaine
66%
du
66%
S'il
66%
sirènes
66%
tire-baba
66%
Brûle
65%
déjà
65%
Femmes
64%
humaines
64%
rêver
64%
comprennent
63%
gardés
63%
grains
63%
Quoi
63%
dorés
62%
Ah
61%
caresser
61%
loin
61%
partirai
61%
pouvoir
61%
qu'on
61%
réponde
61%
filles
60%
peuvent
60%
questions
60%
leurs
59%
poser
59%
Pourquoi
59%
savoir
59%
Vivre
59%
aucun
58%
Flâner
57%
est-ce
56%
frayeur
56%
qu'il
56%
regret
56%
viendra
56%
couacs
53%
couics
52%
Qu'est-ce
51%
longs
49%
aimer
48%
m'ennuye
13%

Distribution des résultats

Percentile par nombre de réponses

% des personnes avec chaque résultat

Votre développement - résultats

Vous n’avez pas pris ce quiz